Statistics for Deep Purple Discography

Click here to take the quiz!

General Stats

  • This quiz has been taken 55 times
    (25 since last reset)
  • The average score is 16 of 78

Answer Stats

TypeYearName% Correct
Album1972Machine Head
95%
Album1969Deep Purple
84%
Album1974Burn
79%
Album1971Fireball
79%
Live Album1972Made in Japan
79%
Album1984Perfect Strangers
79%
Album1974Stormbringer
79%
Album1975Come Taste the Band
74%
Album1970Deep Purple in Rock
74%
Album1968Shades of Deep Purple
68%
Album1987The House of Blue Light
63%
Album1973Who Do We Think We Are
63%
Album2003Bananas
58%
Album1968The Book of Taliesyn
58%
Live Album1976Made in Europe
53%
Album1996Purpendicular
53%
Album1990Slaves and Masters
47%
Album2020Whoosh!
47%
Album1998Abandon
42%
Album2017Infinite
42%
Album1993The Battle Rages On...
42%
Album2013Now What?!
26%
Album2005Rapture of the Deep
26%
Compilation1980Deepest Purple: The Very Best of Deep Purple
21%
Album2021Turning to Crime
16%
Collaborative Live Album1969Concerto for Group and Orchestra
11%
Live Album1988Nobody's Perfect
11%
Compilation1972Purple Passages
11%
Compilation1985The Anthology
11%
Compilation197524 Carat Purple
5%
Compilation2005Deep Purple Forever - The Very Best Of
5%
Compilation1985Greatest Purple
5%
Collaborative Live Album2000In Concert with The London Symphony Orchestra
5%
Compilation1992Knocking at Your Back Door: The Best of Deep Purple in the 80's
5%
Live Album2006Live in Europe 1993
5%
Compilation1973Mark I & II
5%
EP1977New, Live & Rare
5%
EP1978New, Live & Rare Vol. 2
5%
EP1980New, Live & Rare Vol. 3
5%
Live Album1988Scandinavian Nights
5%
Compilation1978Singles A's and B's
5%
Compilation1994Smoke on the Water: The Best Of
5%
Compilation2008The Very Best of Deep Purple
5%
Live Album1999Total Abandon: Australia '99
5%
Compilation199830: Very Best of Deep Purple
0%
Compilation2017A Fire in the Sky
0%
Live Compilation2011BBC Sessions 1968-1970
0%
Live Album1996California Jamming
0%
Live Album1994Come Hell of High Water
0%
Live Album2013Copenhagen 1972
0%
Live Album1980Deep Purple in Concert
0%
Live Album2015From the Setting Sun... (In Wacken)
0%
Live Album2014Graz 1975
0%
Live Album2021Hammersmith Apollo London, England 2002/02/22 - Live in London 2002
0%
Live Album1991In the Absence of Pink
0%
Live Album2006Live at Montreux 1996
0%
Live Album2007Live at Montreux 2006
0%
Live Album2011Live at Montreux 2011
0%
Live Album1997Live at the Olympia '96
0%
Live Album1982Live in London
0%
Live Album2006Live in Montreux '69
0%
Live Album2019Live in Newcastle 2001
0%
Live Album2019Live in Rome 2013
0%
Live Album2015Long Beach 1971
0%
Live Album2016Long Beach 1976
0%
Live Album2012Paris 1975
0%
Live Album2011Phoenix Rising
0%
Compilation1977Powerhouse
0%
Compilation2003Purple Hits
0%
Live Album2014Stockholm 1970
0%
Compilation2004The Early Years
0%
Live Album2017The Infinite Live Recordings, Vol. 1
0%
Compilation1979The Mark II Purple Singles
0%
Compilation2005The Platinum Collection
0%
Compilation2016The Vinyl Collection
0%
Live Album2015...To the Rising Sun (In Tokyo)
0%
Compilation1978When We Rock, We Rock, and When We Roll, We Roll
0%
Live Album2021Win Entertainment Centre Wollongong, Australia 2001/13/13 - Live in Wollongong 2001
0%

Score Distribution

Percentile by Number Answered

Percent of People with Each Score

Your Score History

You have not taken this quiz since the last reset